Normal view
MARC view
- Larry L. Peterson
Entry Personal Name
001 - CONTROL NUMBER
- control field: 124036
003 - CONTROL NUMBER IDENTIFIER
- control field: NUST
005 - DATE AND TIME OF LATEST TRANSACTION
- control field: 20240704150923.0
008 - FIXED-LENGTH DATA ELEMENTS
- fixed length control field: 240704|| aca||aabn | a|a d
040 ## - CATALOGING SOURCE
- Original cataloging agency: NUST
- Transcribing agency: NUST
100 ## - HEADING--PERSONAL NAME
- Personal name: Larry L. Peterson
670 ## - SOURCE DATA FOUND
- Source citation: Work cat.: (NUST): Larry L. Peterson, Computer Networks A System Approach, 2018.
